Reflexiones sobre las políticas económicas en Latinoamérica /

Bewaard in:
Bibliografische gegevens
Hoofdauteur: Dávalos Herrera, José
Formaat: Texto
Onderwerpen:
Tags: Voeg label toe
Geen labels, Wees de eerste die dit record labelt!

MARC

LEADER 00000 a a2200000 04500
001 41781
003
040
100 |a Dávalos Herrera, José  
245 |a Reflexiones sobre las políticas económicas en Latinoamérica /  |c José Dávalos Herrera  
650 |a POLITICA ECONOMICA  
650 |a AMERICA LATINA  
650 |a CAPITALISMO  
650 |a DEPENDENCIA ECONOMICA  
650 |a CAPITALISMO  
650 |a BURGUESIA  
773 |g volumen10, número39 ( , 1979), páginas 31-58  
999 |c 29153  |d 29153